000
00322nam a22001337a 4500
008
170426b xxu||||| |||| 00| 0 eng d
020
_a
9780669333091
041
_a
eng
080
_a
54
100
_a
12
101
_a
SHM
245
_a
INTRODUCTION TO GENERAL, ORGANIC, AND BIOLOGICAL CHEMISTRY
_c
MATTA
942
_2
udc
_c
BK
999
_c
12060
_d
12060